[Event "CAN-ch w"]
[Site "Toronto CAN"]
[Date "2023.04.10"]
[Round "8.8"]
[White "Guan, Isabelle"]
[Black "Yang, Jing Yao"]
[Result "0-1"]
[WhiteElo "1221"]
[BlackElo "1606"]
[PlyCount "114"]
[EventDate "2023.04.06"]
[EventType "swiss"]
[EventRounds "9"]
[EventCountry "CAN"]

1. e4 e5 2. Nf3 Nc6 3. Bc4 Bc5 4. d3 h6 5. Nc3 Nf6 6. h3 d6 7. Be3 Bxe3 8. fxe3
Na5 9. Bb3 Nxb3 10. cxb3 c6 11. Qd2 Bd7 12. d4 Qe7 13. O-O-O O-O 14. Rde1 b5
15. Qd3 a5 16. g4 b4 17. Na4 c5 18. g5 hxg5 19. Rhg1 c4 20. Qd1 cxb3 21. Qxb3
Rac8+ 22. Kb1 Nxe4 23. Ka1 Rc7 24. Nb6 Be6 25. Qd3 d5 26. Rg2 Qd6 27. Na4 Rfc8
28. b3 exd4 29. Qxd4 f6 30. h4 g4 31. Nh2 Rc2 32. Rxc2 Rxc2 33. Nf1 g3 34. Kb1
g2 35. Kxc2 g1=Q 36. Rd1 Qc6+ 37. Kb1 Bf5 38. Ka1 Nc3 39. Rc1 Ne2 40. Rxc6 Nxd4
41. Rc1 Nc2+ 42. Kb2 Qf2 43. Kb1 Nxe3+ 44. Ka1 Nxf1 45. Rd1 Qe2 46. Rc1 Qe5+
47. Nb2 Ne3 48. h5 Qe4 49. Na4 d4 50. Nc5 Nc2+ 51. Kb2 Qe3 52. Na4 d3 53. h6
gxh6 54. Rd1 d2 55. Rh1 Qd4+ 56. Nc3 Qxc3+ 57. Kb1 Qa1# 0-1

[Event "CAN-ch w"]
[Site "Toronto CAN"]
[Date "2023.04.10"]
[Round "8.9"]
[White "Shtepa, Luba"]
[Black "Sreekumar, Gayathri"]
[Result "1-0"]
[WhiteElo "903"]
[BlackElo "974"]
[PlyCount "83"]
[EventDate "2023.04.06"]
[EventType "swiss"]
[EventRounds "9"]
[EventCountry "CAN"]

1. e4 c5 2. Nc3 d6 3. d3 Nf6 4. g3 g6 5. Bg2 Bg7 6. f4 e6 7. Nf3 O-O 8. O-O Nc6
9. Qe2 Bd7 10. e5 dxe5 11. Nxe5 Nxe5 12. fxe5 Nd5 13. Bd2 Re8 14. Rf2 Qc7 15.
Raf1 Rf8 16. Nxd5 exd5 17. Bxd5 Be6 18. Bxe6 fxe6 19. Rxf8+ Rxf8 20. Rxf8+ Kxf8
21. Bf4 h6 22. g4 b5 23. Qe4 g5 24. Bg3 a5 25. Qa8+ Ke7 26. Qe4 Qb6 27. Qe3 b4
28. Bf2 Ke8 29. Qxc5 Qxc5 30. Bxc5 Bxe5 31. Bb6 Bxb2 32. Bxa5 Ba3 33. c3 bxc3
34. Bxc3 Kd7 35. Kf2 Kc6 36. Bg7 Kd5 37. Bxh6 Kd4 38. Ke2 Bc1 39. h4 Kd5 40.
Bxg5 Bxg5 41. hxg5 Kd6 42. a4 1-0

[Event "CAN-ch w"]
[Site "Toronto CAN"]
[Date "2023.04.11"]
[Round "9.1"]
[White "Demchenko, Svitlana"]
[Black "Qian, Ashley"]
[Result "1-0"]
[WhiteElo "2320"]
[BlackElo "1784"]
[PlyCount "137"]
[EventDate "2023.04.06"]
[EventType "swiss"]
[EventRounds "9"]
[EventCountry "CAN"]

1. e4 c5 2. Nf3 d6 3. Bb5+ Bd7 4. Bxd7+ Qxd7 5. O-O e6 6. c3 Nf6 7. Re1 Be7 8.
d4 cxd4 9. cxd4 O-O 10. Nc3 Re8 11. h3 h6 12. Bf4 Nc6 13. d5 exd5 14. Nxd5 Nxd5
15. Qxd5 Red8 16. Rad1 Qc7 17. a3 a5 18. b3 Ne5 19. Nd4 Ng6 20. Bg3 Rd7 21. Nb5
Qb6 22. e5 Rad8 23. exd6 Bg5 24. a4 Bf4 25. Qf3 Bxg3 26. Qxg3 Nf8 27. Rc1 Ne6
28. Qe3 Qxe3 29. fxe3 g6 30. e4 f6 31. e5 fxe5 32. Rxe5 Ng7 33. Rc7 Nf5 34. g4
Nxd6 35. Rxd7 Rxd7 36. Rd5 Kf7 37. Rxd6 Re7 38. Kf2 Kg7 39. Rb6 Rf7+ 40. Ke3
Re7+ 41. Kd3 Rf7 42. Nd4 h5 43. g5 Kh7 44. Rf6 Re7 45. Ne6 Rd7+ 46. Ke4 Rd1 47.
Rf7+ Kh8 48. Ke5 Rc1 49. Kf6 Kg8 50. Kxg6 Rc8 51. Rf8+ Rxf8 52. Nxf8 Kxf8 53.
Kh7 h4 54. g6 Ke7 55. g7 Kd6 56. g8=Q Kc6 57. Qc4+ Kb6 58. Qb5+ Ka7 59. Qxa5+
Kb8 60. Qb6 Kc8 61. a5 Kd7 62. Qxb7+ Kd6 63. Qb5 Kc7 64. Qb6+ Kd7 65. a6 Ke7
66. a7 Kd7 67. a8=Q Ke7 68. Qaa7+ Ke8 69. Qbb8# 1-0

[Event "CAN-ch w"]
[Site "Toronto CAN"]
[Date "2023.04.11"]
[Round "9.2"]
[White "Deepak, Laksshana"]
[Black "Jiang, Hancy"]
[Result "1/2-1/2"]
[WhiteElo "1792"]
[BlackElo "1803"]
[PlyCount "199"]
[EventDate "2023.04.06"]
[EventType "swiss"]
[EventRounds "9"]
[EventCountry "CAN"]

1. e4 c6 2. Nc3 d5 3. Nf3 dxe4 4. Nxe4 Nf6 5. Qe2 Nxe4 6. Qxe4 Qd5 7. Qb4 e6 8.
Qc3 b5 9. a3 Bb7 10. Be2 Nd7 11. O-O Nf6 12. d4 Be7 13. Ne5 Qd6 14. Qg3 Kf8 15.
Qf4 h5 16. Rd1 g6 17. Bd2 Kg7 18. Bd3 c5 19. dxc5 Qxc5 20. Be3 Qd5 21. Nf3 Bd6
22. Qh4 Qc6 23. Qg5 a6 24. Bd4 Be7 25. Ne5 Qe8 26. Re1 Rd8 27. c3 Rxd4 28. cxd4
Nd5 29. Qd2 Qd8 30. Be4 Bg5 31. Qc2 Qf6 32. Bxd5 Bxd5 33. Rad1 Bf4 34. Rd3 Qh4
35. Rh3 Qg5 36. Nf3 Qf6 37. Ne5 Qg5 38. f3 Be3+ 39. Kf1 Bxd4 40. Rg3 Qf6 41.
Qc7 Bxe5 42. Qxe5 Qxe5 43. Rxe5 Rc8 44. Ke1 a5 45. Ke2 b4 46. axb4 axb4 47. f4
b3 48. Rc3 Rb8 49. g3 Rb7 50. Kd2 Kf6 51. Ree3 Ke7 52. Kd3 Kd6 53. h4 Rb8 54.
Rc1 Ra8 55. Ree1 Ra2 56. Kc3 Ra8 57. Ra1 Rc8+ 58. Kd4 Rc4+ 59. Ke3 Rc7 60. Rec1
Rb7 61. Ra6+ Ke7 62. Rc8 Rd7 63. Rb6 Ra7 64. Kd4 Ra4+ 65. Kc3 Ra7 66. Rbb8 Kf6
67. Kb4 Kf5 68. Rb5 Kf6 69. Rd8 Bc6 70. Rb6 Ke7 71. Rd2 Bd5 72. Rb5 Kd6 73. Kc3
Ra8 74. Rb4 Ra7 75. Kd4 Ra8 76. Rb6+ Kc7 77. Kc5 Ra5+ 78. Rb5 Ra6 79. Rxd5 exd5
80. Kxd5 Rd6+ 81. Kc4 Re6 82. Rxb3 Re2 83. Kd4 Rd2+ 84. Ke5 Rd7 85. Kf6 Kc6 86.
Rb8 Rd3 87. Kxf7 Rxg3 88. Rb4 Rg2 89. Kf6 Kc5 90. Re4 Rg4 91. Ra4 Kb5 92. Re4
Kc5 93. b4+ Kb5 94. Kg7 Ka4 95. Kh6 Kb5 96. Re6 Rxf4 97. Rxg6 Rxh4 98. Rg5+
Kxb4 99. Rxh5 Rxh5+ 100. Kxh5 1/2-1/2

[Event "CAN-ch w"]
[Site "Toronto CAN"]
[Date "2023.04.11"]
[Round "9.3"]
[White "Li, Yeeshuen"]
[Black "D'Souza, Carina"]
[Result "0-1"]
[WhiteElo "1078"]
[BlackElo "1901"]
[PlyCount "108"]
[EventDate "2023.04.06"]
[EventType "swiss"]
[EventRounds "9"]
[EventCountry "CAN"]

1. e4 d5 2. exd5 Nf6 3. Bc4 Nxd5 4. Nf3 g6 5. Bxd5 Qxd5 6. Nc3 Qd8 7. d4 Bg7 8.
Bf4 c6 9. h3 Nd7 10. Qd2 Nf6 11. O-O-O Nd5 12. Bh6 O-O 13. Bxg7 Kxg7 14. h4 h5
15. Ne4 Bf5 16. Rde1 Qc7 17. Ng3 Be6 18. Ng5 Bg4 19. N3e4 Qf4 20. Nc5 b6 21.
Qxf4 Nxf4 22. Re4 Ne2+ 23. Kd2 bxc5 24. dxc5 Rad8+ 25. Ke3 e5 26. Rxg4 hxg4 27.
Kxe2 Rb8 28. b3 Rb5 29. c4 Rxc5 30. a4 Rb8 31. Ne4 Ra5 32. Rb1 Rxa4 33. Nc5
Rxc4 34. Nd7 Rb7 35. bxc4 Rxb1 36. Nxe5 a5 37. Kd2 Rb6 38. c5 Rb5 39. Nxc6 Rxc5
40. Nd4 Kf6 41. Nb3 Rf5 42. Ke3 a4 43. Nc1 Ke6 44. Kd4 Rxf2 45. g3 Rg2 46. Kc4
Rc2+ 47. Kb4 Rxc1 48. Kxa4 Rb1 49. Ka3 Kd5 50. Ka2 Rb8 51. Ka1 Kc4 52. Ka2 Kc3
53. Ka1 Kc2 54. Ka2 Ra8# 0-1

[Event "CAN-ch w"]
[Site "Toronto CAN"]
[Date "2023.04.11"]
[Round "9.4"]
[White "Ruchinskaya, Valerie"]
[Black "Fiset, Anais Chloe"]
[Result "1-0"]
[WhiteElo "1875"]
[BlackElo "1634"]
[PlyCount "39"]
[EventDate "2023.04.06"]
[EventType "swiss"]
[EventRounds "9"]
[EventCountry "CAN"]

1. d4 d5 2. c4 c6 3. cxd5 cxd5 4. Bf4 Nf6 5. e3 Nc6 6. Nc3 a6 7. Bd3 Bg4 8.
Nge2 e6 9. Rc1 Rc8 10. O-O b5 11. f3 Bf5 12. e4 dxe4 13. fxe4 Bg6 14. Kh1 Be7
15. d5 exd5 16. exd5 Bxd3 17. Qxd3 O-O 18. Rfd1 Nb4 19. Qf3 Qd7 20. a3 1-0

[Event "CAN-ch w"]
[Site "Toronto CAN"]
[Date "2023.04.11"]
[Round "9.5"]
[White "Xie, Irene"]
[Black "Ambilwade, Ojal"]
[Result "1/2-1/2"]
[WhiteElo "1676"]
[BlackElo "1535"]
[PlyCount "50"]
[EventDate "2023.04.06"]
[EventType "swiss"]
[EventRounds "9"]
[EventCountry "CAN"]

1. e4 c5 2. Nf3 d6 3. Bb5+ Bd7 4. Bxd7+ Nxd7 5. b3 Ngf6 6. d3 e6 7. Bb2 Be7 8.
O-O O-O 9. Nbd2 a6 10. e5 dxe5 11. Nxe5 Qc7 12. Nxd7 Nxd7 13. f4 Bf6 14. Bxf6
Nxf6 15. Qf3 b5 16. f5 e5 17. g4 Rad8 18. Ne4 Nxe4 19. dxe4 Rd2 20. Rf2 Rxf2
21. Kxf2 Rd8 22. Rd1 h6 23. c3 Qb6 24. Rxd8+ Qxd8 25. Qe2 g6 1/2-1/2

[Event "CAN-ch w"]
[Site "Toronto CAN"]
[Date "2023.04.11"]
[Round "9.6"]
[White "Zhong, April"]
[Black "Yang, Jing Yao"]
[Result "0-1"]
[WhiteElo "1894"]
[BlackElo "1606"]
[PlyCount "54"]
[EventDate "2023.04.06"]
[EventType "swiss"]
[EventRounds "9"]
[EventCountry "CAN"]

1. e4 e5 2. Nf3 Nc6 3. d4 exd4 4. Nxd4 Nf6 5. Nc3 Bb4 6. Nxc6 bxc6 7. Bd3 d5 8.
exd5 Nxd5 9. Bd2 O-O 10. O-O Qh4 11. Ne4 Bg4 12. f3 Bxd2 13. Qxd2 Bf5 14. Rfe1
Rfd8 15. Rad1 Nf4 16. Qa5 Rd5 17. Qxc7 Nxd3 18. cxd3 Rxd3 19. Nc5 Qd4+ 20. Kf1
Rxd1 21. Qe7 Rxe1+ 22. Kxe1 Rd8 23. Qxa7 Qd2+ 24. Kf1 Bd3+ 25. Nxd3 Qxd3+ 26.
Ke1 Qd1+ 27. Kf2 Qd4+ 0-1

[Event "CAN-ch w"]
[Site "Toronto CAN"]
[Date "2023.04.11"]
[Round "9.7"]
[White "Zhao, Erin"]
[Black "Shtepa, Luba"]
[Result "1-0"]
[WhiteElo "1592"]
[BlackElo "903"]
[PlyCount "35"]
[EventDate "2023.04.06"]
[EventType "swiss"]
[EventRounds "9"]
[EventCountry "CAN"]

1. e4 e5 2. Nf3 Nc6 3. d4 exd4 4. Bc4 Bc5 5. O-O Nge7 6. c3 dxc3 7. Nxc3 O-O 8.
Ng5 Ne5 9. Qh5 h6 10. Nxf7 Nxf7 11. Qxc5 d6 12. Qh5 Qe8 13. f4 Kh8 14. Nb5 Qc6
15. Bxf7 Bd7 16. Nc3 Qb6+ 17. Kh1 a5 18. f5 1-0

[Event "CAN-ch w"]
[Site "Toronto CAN"]
[Date "2023.04.11"]
[Round "9.8"]
[White "Gavrileva, Anna"]
[Black "Guan, Isabelle"]
[Result "0-1"]
[WhiteElo "1381"]
[BlackElo "1221"]
[PlyCount "138"]
[EventDate "2023.04.06"]
[EventType "swiss"]
[EventRounds "9"]
[EventCountry "CAN"]

1. d4 Nf6 2. Bf4 e6 3. Nf3 b6 4. e3 Bb7 5. Bd3 g6 6. Nbd2 Bg7 7. h3 d6 8. Qe2
Nbd7 9. O-O Qe7 10. Bh2 e5 11. dxe5 dxe5 12. e4 O-O 13. Rac1 Nh5 14. b3 Nc5 15.
Qe3 Nxd3 16. cxd3 Ba6 17. Rfd1 Rad8 18. Nc4 Qe6 19. Bxe5 c5 20. Bxg7 Kxg7 21.
d4 Qe7 22. e5 Bb7 23. Nd6 Bxf3 24. Qxf3 Kg8 25. Qe3 f6 26. dxc5 fxe5 27. b4 Nf4
28. Kh2 Qg5 29. g3 Ne6 30. Kg2 Nf4+ 31. Kh2 Ne6 32. Kg2 Nf4+ 33. Kh2 Ne6 34.
Rf1 Qxe3 35. fxe3 Rxf1 36. Rxf1 bxc5 37. Nb7 Rd2+ 38. Kg1 cxb4 39. Rb1 Rxa2 40.
Rxb4 a5 41. Re4 Ng5 42. Rc4 Nxh3+ 43. Kf1 Ng5 44. Rc5 Ra1+ 45. Ke2 Ra2+ 46. Kf1
Ne4 47. Rxe5 Nxg3+ 48. Kg1 a4 49. Nc5 a3 50. Re8+ Kf7 51. Ra8 Ra1+ 52. Kf2 Nf5
53. Nb3 Ra2+ 54. Kf3 h5 55. e4 Nd6 56. e5 Nc4 57. Ke4 Rb2 58. Nc5 a2 59. e6+
Kf6 60. Ra7 Nd6+ 61. Kd5 Rd2+ 62. Kc6 Kf5 63. e7 Nc8 64. e8=Q Nxa7+ 65. Kb6
Rb2+ 66. Kxa7 a1=Q+ 67. Na6 Qg1+ 68. Ka8 Qg2+ 69. Ka7 Qb7# 0-1

[Event "CCT Final KO"]
[Site "Toronto CAN"]
[Date "2023.12.13"]
[Round "1.11"]
[White "Carlsen, Magnus"]
[Black "Caruana, Fabiano"]
[Result "1-0"]
[WhiteElo "2830"]
[BlackElo "2794"]
[PlyCount "181"]
[EventDate "2023.12.13"]
[EventType "k.o."]
[EventRounds "2"]
[EventCountry "CAN"]
[Source "ChessMix"]
[SourceDate "2023.12.20"]

1. e4 e5 2. Nf3 Nc6 3. Bb5 a6 4. Ba4 Nf6 5. O-O Bc5 6. c3 b5 7. Bb3 d6 8. d4
Bb6 9. Be3 O-O 10. Nbd2 h6 11. h3 Re8 12. a3 Rb8 13. Bc2 a5 14. Re1 a4 15. Bd3
Bd7 16. Qe2 exd4 17. cxd4 Ne7 18. Rac1 Ng6 19. Qf1 Ba5 20. Red1 c6 21. e5 Nd5
22. Bxg6 fxg6 23. Ne4 Rf8 24. Nxd6 Bxh3 25. gxh3 Rxf3 26. Qg2 Nxe3 27. Qxf3
Nxd1 28. Rxd1 Bc7 29. Qxc6 Bxd6 30. Qd5+ Kh7 31. exd6 Qd7 32. Kg2 Rb6 33. Qe4
Rxd6 34. d5 Rf6 35. Rd3 Rd6 36. Qe5 Qd8 37. Kf1 Qc7 38. Rc3 Qd7 39. Rd3 Qd8 40.
Ke2 Qb6 41. Qd4 Qb7 42. Kd2 Qf7 43. Kc2 Rf6 44. f3 Qc7+ 45. Kb1 Qd6 46. Ka2 Rf4
47. Qe3 b4 48. axb4 Rxb4 49. Qd2 Rb8 50. Rd4 Rb3 51. Rd3 Rb8 52. Rd4 Rb5 53. h4
h5 54. Qd3 Rb3 55. Qd1 Qb6 56. Qd2 Rxf3 57. Rd3 Rf2 58. Qc3 Qd6 59. Qc6 Qh2 60.
Qb6 Qxh4 61. Rd4 Qg3 62. Qb4 a3 63. Qxa3 Qe5 64. Qd3 Qd6 65. Ra4 Rf5 66. Rd4
Rf8 67. b4 Rf2+ 68. Kb3 Qf6 69. Qc4 Rf3+ 70. Rd3 Rf2 71. d6 Qb2+ 72. Ka4 Qa1+
73. Kb5 Qa8 74. d7 Rf5+ 75. Kb6 Qb8+ 76. Ka6 Qa8+ 77. Kb6 Rf6+ 78. Kc5 Rc6+ 79.
Kd4 Rxc4+ 80. Kxc4 Qd8 81. b5 Qc7+ 82. Kb3 Qd8 83. Ka4 h4 84. b6 h3 85. Rxh3+
Kg8 86. Rd3 Kf7 87. b7 Ke7 88. Kb5 g5 89. Kc6 g4 90. Re3+ Kf6 91. Re8 1-0

[Event "CCT Final KO"]
[Site "Toronto CAN"]
[Date "2023.12.13"]
[Round "1.11"]
[White "So, Wesley"]
[Black "Abdusattorov, Nodirbek"]
[Result "1-0"]
[WhiteElo "2752"]
[BlackElo "2727"]
[PlyCount "193"]
[EventDate "2023.12.13"]
[EventType "k.o."]
[EventRounds "2"]
[EventCountry "CAN"]
[Source "ChessMix"]
[SourceDate "2023.12.20"]

1. e4 e5 2. Nf3 Nc6 3. Bb5 a6 4. Ba4 Nf6 5. O-O Be7 6. d3 d6 7. c3 O-O 8. Nbd2
b5 9. Bc2 d5 10. d4 Bg4 11. h3 Bh5 12. g4 Bg6 13. Nxe5 Nxe5 14. dxe5 Nxe4 15.
Nxe4 dxe4 16. Qe2 Qd5 17. Rd1 Qc6 18. Bf4 Bc5 19. Bb3 Rad8 20. Rxd8 Rxd8 21.
Rd1 Rd3 22. e6 Rxd1+ 23. Qxd1 fxe6 24. Qd8+ Kf7 25. h4 Be7 26. Qxc7 Qxc7 27.
Bxc7 Bxh4 28. Bf4 Kf6 29. a4 Be8 30. axb5 Bxb5 31. c4 Bc6 32. Bc2 a5 33. b3 Bg5
34. Bc7 Bd2 35. Kh2 Be1 36. Bb6 Ke5 37. Kg3 Bd2 38. Bc5 g6 39. Bb6 Kd6 40. Ba7
e5 41. Bb8+ Ke6 42. Bc7 Be1 43. Bb6 Bc3 44. Bc7 Bd2 45. Bd1 Bf4+ 46. Kh3 Bd2
47. Kg3 h6 48. Bc2 Bc3 49. Bd1 Kd7 50. Bb6 Ke6 51. Be3 g5 52. Bb6 Kd6 53. Bc2
Be1 54. Ba7 Bd2 55. Bb6 Bc3 56. Bd1 Be8 57. Bc2 Bg6 58. Be3 Bd4 59. Bd2 Bb6 60.
Bd1 Be8 61. Bc2 Bg6 62. Bd1 e3 63. fxe3 Bd3 64. Kf3 e4+ 65. Kf2 Kc6 66. Bc3 Bd8
67. Bg7 Be7 68. Bc3 Bb4 69. Bg7 Be7 70. Bd4 Bc5 71. Bc3 Bb4 72. Bf6 Bd6 73. Bd8
Bb4 74. Bf6 Bd6 75. Bb2 Be7 76. Bg7 Kc5 77. Bc3 Kb6 78. Bd4+ Kc6 79. Bg7 Kc5
80. Bxh6 Kb4 81. Bg7 Bd8 82. Ke1 a4 83. Bf8+ Kc3 84. Bg7+ Kb4 85. bxa4 Kxc4 86.
Kf2 Kb4 87. Be5 Kc4 88. a5 Kb5 89. Bc3 Kc4 90. a6 Bb6 91. Bf6 Kd5 92. Bb3+ Kd6
93. Bxg5 Bxa6 94. Kg3 Bb7 95. Kf4 Bc7 96. Bf6 Bd5 97. Be5+ 1-0

[Event "CCT Final KO"]
[Site "Toronto CAN"]
[Date "2023.12.13"]
[Round "1.12"]
[White "Abdusattorov, Nodirbek"]
[Black "So, Wesley"]
[Result "1-0"]
[WhiteElo "2727"]
[BlackElo "2752"]
[PlyCount "71"]
[EventDate "2023.12.13"]
[EventType "k.o."]
[EventRounds "2"]
[EventCountry "CAN"]
[Source "ChessMix"]
[SourceDate "2023.12.20"]

1. d4 Nf6 2. c4 e6 3. Nc3 d5 4. Bg5 Be7 5. e3 h6 6. Bxf6 Bxf6 7. Nf3 O-O 8.
cxd5 exd5 9. Qb3 c6 10. Bd3 Re8 11. O-O Nd7 12. Qc2 Be7 13. Rae1 Nf6 14. Ne5 a6
15. Na4 Be6 16. f4 Rc8 17. a3 a5 18. Rc1 Bd6 19. h3 Ne4 20. f5 Bd7 21. Bxe4
Bxe5 22. dxe5 dxe4 23. Qxe4 c5 24. e6 Bxa4 25. Qxa4 fxe6 26. f6 Rf8 27. Rcd1
Qe8 28. Qg4 Rf7 29. Rf4 Kh7 30. Qf3 Qc6 31. Qh5 Rcf8 32. Rd8 Rxd8 33. Qxf7 Rd1+
34. Kh2 Rd7 35. Qxd7 Qxd7 36. f7 1-0

[Event "CCT Final KO"]
[Site "Toronto CAN"]
[Date "2023.12.13"]
[Round "1.12"]
[White "Caruana, Fabiano"]
[Black "Carlsen, Magnus"]
[Result "1-0"]
[WhiteElo "2794"]
[BlackElo "2830"]
[PlyCount "119"]
[EventDate "2023.12.13"]
[EventType "k.o."]
[EventRounds "2"]
[EventCountry "CAN"]
[Source "ChessMix"]
[SourceDate "2023.12.20"]

1. e4 c5 2. Nf3 Nc6 3. Bb5 g6 4. O-O Bg7 5. Re1 e5 6. Bxc6 dxc6 7. a4 Qe7 8.
Na3 Be6 9. d3 f6 10. Nc4 Bxc4 11. dxc4 Nh6 12. a5 Nf7 13. Be3 Bh6 14. Bxh6 Nxh6
15. Qe2 Nf7 16. g3 O-O 17. Kg2 Kg7 18. h4 h5 19. c3 Rfd8 20. Qe3 Rd7 21. Red1
Rad8 22. Rxd7 Rxd7 23. Ne1 Qd6 24. Nf3 Qd3 25. Qxd3 Rxd3 26. Kf1 Rd8 27. Ke2
Kf8 28. b3 Nd6 29. Ke3 Ke7 30. Ne1 f5 31. f3 fxe4 32. fxe4 Nf7 33. Nd3 g5 34.
hxg5 Rg8 35. Nxc5 Rxg5 36. Kf2 Nd6 37. Kf3 Rg8 38. Rh1 Rg5 39. Rh2 Kf6 40. a6
b6 41. Nd7+ Ke6 42. Nb8 c5 43. Nc6 Nc8 44. Rd2 Rg7 45. Rh2 Kd6 46. Nd8 Ke7 47.
Rd2 Rg6 48. Rd5 Rf6+ 49. Kg2 Rg6 50. Kh3 Rg4 51. Nc6+ Ke6 52. Nxe5 Rxe4 53. Nc6
Re3 54. Rd8 Ne7 55. Nxa7 h4 56. Kxh4 Nf5+ 57. Kg5 Rxg3+ 58. Kf4 Rg1 59. Nb5
Rf1+ 60. Kg4 1-0

[Event "CCT Final KO"]
[Site "Toronto CAN"]
[Date "2023.12.13"]
[Round "1.13"]
[White "Carlsen, Magnus"]
[Black "Caruana, Fabiano"]
[Result "0-1"]
[WhiteElo "2830"]
[BlackElo "2794"]
[PlyCount "98"]
[EventDate "2023.12.13"]
[EventType "k.o."]
[EventRounds "2"]
[EventCountry "CAN"]
[Source "ChessMix"]
[SourceDate "2023.12.20"]

1. e4 e5 2. Nf3 Nc6 3. Bb5 a6 4. Ba4 Nf6 5. O-O Bc5 6. c3 b5 7. Bb3 d6 8. a4
Bg4 9. d3 O-O 10. Nbd2 Bb6 11. h3 Bd7 12. axb5 axb5 13. Rxa8 Qxa8 14. Re1 Qa7
15. Qe2 Ne7 16. Nf1 Ng6 17. Bg5 Nh5 18. d4 Nhf4 19. Qd2 Be6 20. Bxe6 fxe6 21.
N1h2 exd4 22. cxd4 h6 23. Bxf4 Nxf4 24. h4 Qa4 25. Qd1 e5 26. dxe5 Qb4 27. Qc2
dxe5 28. Rd1 Ne6 29. Qd2 Qxe4 30. Re1 Qc4 31. Rxe5 Nf4 32. Nf1 Nxg2 33. Kxg2
Qg4+ 34. Kh2 Qxf3 35. Ng3 Qxf2+ 36. Qxf2 Rxf2+ 37. Kh3 Rxb2 38. Re7 Rf2 39. Kg4
Kf8 40. Re5 c6 41. Ne4 Re2 42. Re6 b4 43. Kf5 Rc2 44. Nd6 Kg8 45. Nc8 Bc5 46.
Rxc6 b3 47. Rc7 b2 48. Rb7 Kh7 49. h5 Ba3 0-1

[Event "CCT Final KO"]
[Site "Toronto CAN"]
[Date "2023.12.13"]
[Round "1.13"]
[White "So, Wesley"]
[Black "Abdusattorov, Nodirbek"]
[Result "0-1"]
[WhiteElo "2752"]
[BlackElo "2727"]
[PlyCount "148"]
[EventDate "2023.12.13"]
[EventType "k.o."]
[EventRounds "2"]
[EventCountry "CAN"]
[Source "ChessMix"]
[SourceDate "2023.12.20"]

1. e4 e5 2. Nf3 Nc6 3. Bb5 a6 4. Ba4 Nf6 5. O-O Be7 6. Re1 b5 7. Bb3 d6 8. a4
Rb8 9. axb5 axb5 10. c3 O-O 11. d4 exd4 12. cxd4 d5 13. e5 Ne4 14. Nbd2 Bf5 15.
Bc2 Nb4 16. Bb1 Ra8 17. Rxa8 Qxa8 18. Qe2 c5 19. dxc5 Bxc5 20. Nxe4 Bxe4 21.
Bd2 Qa7 22. Bxb4 Bxb4 23. Rd1 Bc5 24. g3 h6 25. Kg2 Qb7 26. Rc1 Rc8 27. Re1 Ba7
28. Bd3 Qb6 29. Rd1 Re8 30. Bxe4 dxe4 31. Qxe4 Qxf2+ 32. Kh3 Qxb2 33. Rd7 Qa2
34. e6 Bc5 35. exf7+ Qxf7 36. Rxf7 Rxe4 37. Rf5 Rc4 38. Ne5 Rc2 39. Nd3 Bg1 40.
Rxb5 Rxh2+ 41. Kg4 Rd2 42. Nf4 Rd6 43. Rd5 Rc6 44. Rd1 Be3 45. Re1 Bc1 46. Re8+
Kf7 47. Re1 Rc4 48. Kf3 Rc3+ 49. Kg4 Rc4 50. Kf3 Ba3 51. Re3 Bd6 52. Rd3 Be5
53. Rd7+ Kf6 54. Rd3 g5 55. Nd5+ Ke6 56. Ne3 Ra4 57. Rb3 Bd4 58. g4 Bc5 59. Rc3
Rf4+ 60. Kg2 Bd4 61. Ra3 Re4 62. Ra6+ Ke5 63. Nc4+ Kd5 64. Na3 Rxg4+ 65. Kf3
Rf4+ 66. Kg2 h5 67. Ra5+ Bc5 68. Nb5 Rc4 69. Nc7+ Kd6 70. Ne8+ Ke5 71. Ra6 Rc2+
72. Kf1 h4 73. Ng7 h3 74. Rh6 g4 0-1

[Event "CCT Final KO"]
[Site "Toronto CAN"]
[Date "2023.12.13"]
[Round "1.14"]
[White "Abdusattorov, Nodirbek"]
[Black "So, Wesley"]
[Result "1/2-1/2"]
[WhiteElo "2727"]
[BlackElo "2752"]
[PlyCount "67"]
[EventDate "2023.12.13"]
[EventType "k.o."]
[EventRounds "2"]
[EventCountry "CAN"]
[Source "ChessMix"]
[SourceDate "2023.12.20"]

1. e4 d6 2. d4 Nf6 3. Nc3 g6 4. Nf3 Bg7 5. Be2 O-O 6. O-O c6 7. Bg5 h6 8. Bh4
g5 9. Bg3 Nh5 10. a4 a5 11. Re1 Nd7 12. Bc4 Nxg3 13. hxg3 Qb6 14. e5 dxe5 15.
dxe5 Nc5 16. Qd4 Bf5 17. Qe3 e6 18. Nd4 Bg6 19. Nb3 Nd7 20. Qxb6 Nxb6 21. Bd3
Bxd3 22. cxd3 Rfd8 23. d4 Nc4 24. Re2 c5 25. Nxc5 Rxd4 26. Nb5 Rdd8 27. f4 b6
28. Ne4 Rd3 29. Rc1 Ne3 30. Nf2 Rb3 31. Nd4 Rb4 32. Nc6 Rb3 33. Nd4 Rb4 34. Nc6
1/2-1/2

[Event "CCT Final KO"]
[Site "Toronto CAN"]
[Date "2023.12.13"]
[Round "1.14"]
[White "Caruana, Fabiano"]
[Black "Carlsen, Magnus"]
[Result "0-1"]
[WhiteElo "2794"]
[BlackElo "2830"]
[PlyCount "110"]
[EventDate "2023.12.13"]
[EventType "k.o."]
[EventRounds "2"]
[EventCountry "CAN"]
[Source "ChessMix"]
[SourceDate "2023.12.20"]

1. d4 Nf6 2. c4 b6 3. Nc3 Bb7 4. f3 d5 5. cxd5 Nxd5 6. Nxd5 Qxd5 7. e4 Qd7 8.
Bc4 Nc6 9. Be3 O-O-O 10. Ne2 e5 11. Bb5 exd4 12. Nxd4 Qe7 13. Bxc6 Bxc6 14. O-O
Qf6 15. Rf2 Bc5 16. Rd2 Rd7 17. Nc2 Bd6 18. Rc1 Rhd8 19. Qe1 Bxh2+ 20. Kxh2
Rxd2 21. Bxd2 Qd6+ 22. Kg1 Qxd2 23. Ne3 Qxe1+ 24. Rxe1 Rd2 25. Rc1 Bd7 26. Nc4
Rd4 27. b3 Be6 28. Na3 a6 29. Nb1 a5 30. Kf2 a4 31. Ke3 c5 32. Nd2 Kb7 33. Rh1
h6 34. f4 f6 35. Rc1 axb3 36. axb3 Rb4 37. Rc3 Kc6 38. Rd3 f5 39. exf5 Bxf5 40.
Rd8 Be6 41. Rd3 Bd5 42. g3 g6 43. Rc3 Rd4 44. Rc1 Kb5 45. Ra1 Rb4 46. Ra3 h5
47. Kf2 h4 48. gxh4 Rxf4+ 49. Kg3 Rd4 50. Ra2 Kb4 51. Nf1 Bxb3 52. Ra6 Rd6 53.
Ne3 c4 54. Kf4 c3 55. Ke5 Rc6 0-1

[Event "CCT Final KO"]
[Site "Toronto CAN"]
[Date "2023.12.13"]
[Round "1.15"]
[White "Caruana, Fabiano"]
[Black "Carlsen, Magnus"]
[Result "0-1"]
[WhiteElo "2794"]
[BlackElo "2830"]
[PlyCount "78"]
[EventDate "2023.12.13"]
[EventType "k.o."]
[EventRounds "2"]
[EventCountry "CAN"]
[Source "ChessMix"]
[SourceDate "2023.12.20"]

1. e4 c5 2. Nf3 e6 3. d4 cxd4 4. Nxd4 a6 5. Nc3 Qc7 6. Bd3 Nf6 7. Qe2 d6 8. f4
Nbd7 9. g4 Nc5 10. g5 Nfd7 11. a4 Be7 12. h4 b6 13. Be3 Bb7 14. h5 Rc8 15. Rg1
g6 16. Rh1 e5 17. hxg6 fxg6 18. Nf3 exf4 19. Bxf4 Nxd3+ 20. cxd3 Ne5 21. Be3
O-O 22. Nd4 Qd7 23. O-O-O b5 24. axb5 axb5 25. Kb1 b4 26. Na2 d5 27. Rxh7 Kxh7
28. Qh2+ Kg8 29. Rh1 Bd6 30. Bf4 Qg7 31. Ne6 Nf3 32. Nxg7 Nxh2 33. Bxd6 Rf1+
34. Rxf1 Nxf1 35. Bxb4 Kxg7 36. Bc3+ Kf7 37. Nb4 dxe4 38. dxe4 Bxe4+ 39. Ka2
Ne3 0-1

[Event "CCT Final KO"]
[Site "Toronto CAN"]
[Date "2023.12.14"]
[Round "1.21"]
[White "Carlsen, Magnus"]
[Black "Caruana, Fabiano"]
[Result "1/2-1/2"]
[WhiteElo "2830"]
[BlackElo "2794"]
[PlyCount "64"]
[EventDate "2023.12.13"]
[EventType "k.o."]
[EventRounds "2"]
[EventCountry "CAN"]
[Source "ChessMix"]
[SourceDate "2023.12.20"]

1. e4 e5 2. Nf3 Nc6 3. Bb5 a6 4. Ba4 Nf6 5. O-O Be7 6. d3 b5 7. Bb3 d6 8. a3
O-O 9. Nc3 Na5 10. Ba2 Be6 11. Bg5 c5 12. Bxf6 Bxf6 13. Nd5 Nc6 14. c3 g6 15.
b4 Bg7 16. Qd2 Ne7 17. Nxe7+ Qxe7 18. Bxe6 Qxe6 19. a4 cxb4 20. cxb4 d5 21. Qa2
bxa4 22. Rfc1 Rfc8 23. Qxa4 dxe4 24. dxe4 Rc4 25. g3 Rb8 26. Rxc4 Qxc4 27. Qxa6
Qxe4 28. Qd6 Qb7 29. Nxe5 Re8 30. Re1 Bxe5 31. Rxe5 Rxe5 32. Qxe5 Qxb4 1/2-1/2

[Event "CCT Final KO"]
[Site "Toronto CAN"]
[Date "2023.12.14"]
[Round "1.21"]
[White "So, Wesley"]
[Black "Abdusattorov, Nodirbek"]
[Result "1-0"]
[WhiteElo "2752"]
[BlackElo "2727"]
[PlyCount "67"]
[EventDate "2023.12.13"]
[EventType "k.o."]
[EventRounds "2"]
[EventCountry "CAN"]
[Source "ChessMix"]
[SourceDate "2023.12.20"]

1. b3 e5 2. Bb2 Nc6 3. e3 Nf6 4. Bb5 Bd6 5. Na3 Na5 6. Be2 a6 7. c4 O-O 8. Nc2
Nc6 9. d4 exd4 10. exd4 Nb4 11. Ne3 Bf4 12. a3 Nc6 13. d5 Ne5 14. Qd4 Bxe3 15.
Qxe3 Ng6 16. h4 d6 17. h5 Ne5 18. h6 g6 19. Qd4 Re8 20. O-O-O Nfd7 21. f4 Nc5
22. Kb1 Nxb3 23. Qc3 Nc5 24. fxe5 Na4 25. Qd2 dxe5 26. Nf3 b5 27. Bxe5 bxc4 28.
Bxc4 Rb8+ 29. Ka1 Rxe5 30. Nxe5 Qd6 31. Qe3 Bf5 32. Rhe1 Bc2 33. Nc6 Qf6+ 34.
Qd4 1-0